000 002400000a22000970004500
100 1 _aGoldingay, John
245 1 0 _aIsaiah 1:1 and 2:1
300 _aVol. 48, Num. 3 (Julio, 1998), Páginas 326-332
773 0 _tVetus Testamentum
942 _cANA
999 _c58209
_d58209